محكمة استئناف القاهرة : (Record no. 30756)

MARC details
000 -الفاتح
حقل البيانات ثابتة الطول 01504nam a22003137i 4500
003 - محدد رقم الضبط
رقم الضبط EG-ScBUE
005 - وقت وتاريخ اخر تعامل مع التسجيلة
رقم الضبط 20240523091719.0
008 - عناصر البيانات ثابتة الطول - معلومات عامة
حقل البيانات ثابتة الطول 220731s2023 ua o f 000 0 ara d
017 ## - رقم الإيداع القانونى
رقم الإيداع القانونى 2023 / 14584
020 ## - الرقم الدولى المعيارى للكتب
الرقم الدولى المعيارى للكتاب 9789779464909
040 ## - مصدر الفهرسة
وكالة الفهرسة الأصلية EG-ScBUE
لغة الفهرسة ara
قواعد الوصف rda
وكالة النسخ EG-ScBUE
وكالة التعديل EG-ScBUE
043 ## - رمز المنطقة الجغرافية
رمز المنطقة الجغرافية f-ua---
082 04 - رقم تصنيف ديوى العشرى
رقم الطبعة 22
رقم التصنيف 347.08
رقم المادة ق ا ض
100 1# - المدخل الرئيسى - إسم شخصى
الإسم الشخصى قاضي، خالد محمد،
التواريخ المصاحبة للاسم 1967-
الدور مؤلف.
245 10 - بيان العنوان
العنوان محكمة استئناف القاهرة :
بقية العنوان 140 عاما .. محرابا للعدالة، (1883-2023) /
بيان المسئوليه,etc تأليف وإعداد القاضي الدكتور خالد محمد القاضي، رئيس محكمة الاستئناف ؛ إشراف وتقديم القاضي الجليل، محمد حسين عبد التواب، رئيس محكمة استئناف القاهرة، عضو مجلس القضاء الأعلى.
250 ## - بيان الطبعة
بيان الطبعة الطبعة الأولى.
264 #1 - النشر، التوزيع
مكان الناشر او الموزع القاهرة :
اسم الناشر او الموزع دار النهضة العربية للنشر والتوزيع،
تاريخ النشر أو التوزيع 2023.
300 ## - الوصف المادى
التعداد 495 صفحة :
تفاصيل ماديه اخرى للوعاء صور ؛
أبعاد الوعاء 24 سم
336 ## - نوع المحتوى
source rdacontent
Carrier Type Term نص
Content Type Code txt
337 ## - نوع الوسيط
source rdamedia
Media Type Term بدون وسيط
Media Type Code n
338 ## - نوع الحامل أو الناقل
source rdacarrier
Carrier Type Term مجلد
Carrier Type Code nc
500 ## - تبصرة عامة
تبصرة عامة يشتمل على ملاحق.
541 ## - تبصرة المصدر المباشر للتزويد
طريقة التزويد Donation ;
مصدر التزويد Prof. Hassan Abdel Hamid.
650 #7 - المدخل الاضافى بالموضوع-مصطلح موضوعى
مصطلح موضوعي أو اسم جغرافي كعنصر مدخل ‪محاكم الاستئناف
التقسيم الفرعي الجغرافي مصر.
مصدر الرأس أو المصطلح BUEsh
650 #7 - المدخل الاضافى بالموضوع-مصطلح موضوعى
مصطلح موضوعي أو اسم جغرافي كعنصر مدخل ‪المحاكم
التقسيم الفرعي الجغرافي مصر.
مصدر الرأس أو المصطلح BUEsh
655 ## - مصطلح تكشيفى-نوع/شكل
التقسيم الفرعي الشكلي Reading book
700 1# - المدخل الاضافى - اسم شخصى
الإسم الشخصى عبد التواب، محمد حسين،
الدور مشرف،
-- مقدم.
942 ## - عناصر المدخل الإضافي( كوها)
مصدر التصنيف او مخطط الترفيف Dewey Decimal Classification
Holdings
حالة التراجع حالة الفقد مصدر التصنيف او خطة الترفيف حالة تلف ليس للاعارة مجموعات كوها المكان الدائم المكان الحالي موقع الترفيف تاريخ الاكتساب Source of acquisition رقم الاستدعاء الباركود Date last seen نوع الوعاء
    Dewey Decimal Classification     Donation-Gift Central Library Central Library First floor 23/05/2024 Donation 347.08 ق ا ض 000057109 15/07/2025 Book - Borrowing